Ethnic groups of Kazakhstan - Statistics

General Stats
  • This quiz has been taken 1,199 times
  • The average score is 10 of 17
Answer Stats
Population Percentage of total population Ethnic group % Correct
3,793,764 23,7% Russians
99%
10,096,763 63,1% Kazakhs
98%
456,997 2,9% Uzbeks
95%
36,277 0,2% Tajiks
86%
23,274 0,1% Kyrgyz
85%
97,015 0,6% Turks
75%
333,031 2,1% Ukrainians
75%
178,409 1,1% Germans
64%
85,292 0,5% Azeris
62%
204,229 1,3% Tatars
58%
224,713 1,4% Uyghurs
54%
100,385 0,6% Koreans
52%
66,476 0,4% Belarusians
43%
31,431 0,2% Chechens
34%
38,325 0,2% Kurds
23%
34,057 0,2% Poles
23%
51,944 0,3% Dungans
14%
No matching quizzes found
Score Distribution
Percent of People with Each Score
Percentile by Number Answered
Your Score History
You have not taken this quiz